000 02313nam a2200301 a 4500
001 000032629
003 DO-SdBNP
005 20250618133408.0
008 090706s20uu dr a 000 0 spa d
040 _aDO-SdBNP
_bspa
_cBNPHU
082 _a972.93
_bD542f
100 1 _aDíaz, Nelson Enríque,
_d1950-
_99646
245 1 0 _aFundamentos de la historia social dominicana /
_cNelson Enríquez Díaz, Silverio González.
260 _aSanto Domingo :
_b[s.n.],
_c[200?].
300 _a464 p. : ;
_c21 cm.
500 _aIncluye ejercicios al final de los capítulos.
504 _aIncluye referencias bibliográficas y notas al pie de las páginas.
505 0 _gPrefacio --
_tLa ciencia de la historia ;
_tAntecedentes y contactos europeos ;
_tLa sociedad taína ;
_tLos sistemas de colonización en los siglos XV, XVI, XVII ;
_tLas dos colonias de la isla de Santo Domingo en el siglo XVIII ;
_tSurgimiento de la conciencia nacional: de la ocupación francesa a la crisis de la dominación política española (1804-1821) ;
_tUnificación política con Haití y separación (1822-1844) ;
_tFormación del Estado y proyectos de clases: Anexionismo y nacionalismo (1844-1861) ;
_tLa Anexión a España y Guerra Resturadora ;
_tCrisis económica, reestructuración de la sociedad dominicana y el surgimiento de la industria azucarera dominicana ;
_tBases de la estructuración del Estado oligarquíco. Dictadura de Ulises Heureaux. Desarrollo del capitalismo dependiente ;
_tCaudillismo, crisis política y expansión imperialista (1900-1916) ;
_tPrimera Ocupación Militar Norteamericana y sus consecuencias ;
_tTiranía de Trujillo y desarrollo del capitalista (1930-1961) ;
_tSegunda Ocupación Militar Norteamericana. Modelo de desarrollo capitalista dependiente (1961-1984) --
_gBibliografía.
650 4 _aCiencias sociales e historia
_xEstudio y enseñanza
_938860
651 4 _aRepública Dominicana
_xHistoria
_xEstudio Y Enseñanza
_99647
651 4 _aHistoria Social
_938859
651 4 _aRepública Dominicana
_xHistoria
_y1809-1822
_9577
651 4 _aRepública Dominicana
_xHistoria
_yOcupación haitiana, 1822-1844
_97666
651 0 _aRepública Dominicana --
_xHistoria --
_y1844-1930
_91009
700 1 _aGonzález, Silverio,
_d1957-
_99649
910 _aValidado. Control de calidad BNPHU
942 _2ddc
_cLBS1
999 _c32120
_d32120